UBT Library

So you want to play in the NHL : (Record no. 42281)

000 -LEADER
fixed length control field 00773cam a22002414a 4500
001 - CONTROL NUMBER
control field 11976178
005 - DATE AND TIME OF LATEST TRANSACTION
control field 20180212032414.0
008 - FIXED-LENGTH DATA ELEMENTS--GENERAL INFORMATION
fixed length control field 000414s2001 ilu 000 0aeng
010 ## - LIBRARY OF CONGRESS CONTROL NUMBER
LC control number 00031410
020 ## - INTERNATIONAL STANDARD BOOK NUMBER
International Standard Book Number 0809299526
040 ## - CATALOGING SOURCE
Original cataloging agency DLC
Transcribing agency DLC
Modifying agency DLC
041 ## - LANGUAGE CODE
Language code of text/sound track or separate title eng
042 ## - AUTHENTICATION CODE
Authentication code pcc
043 ## - GEOGRAPHIC AREA CODE
Geographic area code n-us---
080 ## - UNIVERSAL DECIMAL CLASSIFICATION NUMBER
Universal Decimal Classification number 796.962092273 DAN
082 00 - DEWEY DECIMAL CLASSIFICATION NUMBER
Classification number 796.962092273 DAN
-- B
Edition number 21
100 1# - Rafti
Rafti 47
101 ## - Shkurtesa
Shkurtesa EDU
245 10 - TITLE STATEMENT
Title So you want to play in the NHL :
Statement of responsibility, etc Dan & Jay Bylsma.
906 ## - LOCAL DATA ELEMENT F, LDF (RLIN)
a 7
b cbc
c orignew
d 1
e ocip
f 20
g y-gencatlg
942 ## - ADDED ENTRY ELEMENTS (KOHA)
Source of classification or shelving scheme
Item type Books
Holdings
Withdrawn status Lost status Source of classification or shelving scheme Damaged status Not for loan Collection code Permanent location Current location Shelving location Date acquired Total Checkouts Full call number Barcode Date last seen Price effective from Koha item type
          Koleksioni i përgjithshem UBT - Lipjan UBT - Lipjan Koleksioni i përgjithshem 02/12/2018   796.962092273 DAN 002-2998666 02/12/2018 02/12/2018 Books
UBT Library © 2015-2024. All rights reserved University Education for Business and Technology